000 00288nam a2200145Ia 4500
100 _aBander/ R.G. ed
650 _aGeneral
942 _cBK
654 _aPaneling
245 _aPaneling
260 _bLane Pub.
_aCalifornia
_c1980
082 _a698
300 _a80
546 _aENGLISH
999 _c20416
_d20416